000 00438nam a2200181Ia 4500
005 20240823060503.0
008 240823s9999||||xx |||||||||||||| ||und||
041 _aENGLISH
082 _A621.3192 Q0
100 _aUma Rao K
245 0 _aElectric Circuits
250 _a5th
260 _c2010
_bMcGraw Hill Education Private Li
500 _aTRANSFERED
650 _aElectric Circiuts
_bElectrical
942 _cBK
999 _c231248
_d231248